| 000 | 00508nam a2200205Ia 4500 | ||
|---|---|---|---|
| 003 | OSt | ||
| 005 | 20230531120148.0 | ||
| 008 | 210423s1987 xx 000 0 und d | ||
| 040 | _cAL | ||
| 041 | _aeng | ||
| 082 |
_a307.72 _223 _bGUNM |
||
| 100 |
_aGUNATILLEKE (Godfrey);TIRUCHELVAM (Neelan);COOMARASWAMY (Radhika) _9117867 |
||
| 245 | _aMarga | ||
| 260 | _c1987 | ||
| 300 |
_a3,30 _bPB |
||
| 650 |
_aRural Communities _9117868 |
||
| 650 |
_aSociology _9117869 |
||
| 906 | _aMarga | ||
| 942 |
_2ddc _cBK |
||
| 999 |
_c174621 _d174621 |
||